| 000 | 00559nam a22001817a 4500 | ||
|---|---|---|---|
| 005 | 20231229120059.0 | ||
| 010 | _aENG-120247 | ||
| 020 |
_a9789385212161 _c490.00 |
||
| 035 | _aEN-103779 | ||
| 037 | _bDBAD/PUB | ||
| 082 | _a345.460229 | ||
| 245 |
_aArtical 370: _bEvolving beyond the conundrum/ _cEdited by P.Kumar |
||
| 260 |
_a Delhi _bMewar University Press _c2015 |
||
| 270 |
_a4117, Naya Bazar, Delhi 110006 _b Delhi _e110006 |
||
| 300 |
_ax,214p. _c22cm.(pbk) |
||
| 700 |
_a Kumar, P. _960411 |
||
| 942 |
_2ddc _cEN _h345.460229 _mART |
||
| 999 |
_c144253 _d144253 |
||